000 00619nam a22002057a 4500
999 _c19735
_d19735
003 AR-CdUCM
008 190521b ||||| |||| 00| 0 spa d
040 _aMUNICIPALIDAD PROVINCIAL DEL CUSCO
_cBIBLIOTECA MUNICIPAL DEL CUSCO
082 _a869.57 /
_bA496
100 _aÁlvarez Ojeda, Favio
_918126
245 _aDos cuerpos /
260 _aCusco :
_bTerra Colors,
_c2010.
300 _a234 páginas ;
_c21 cm.
505 _aContenido: Novelas peruana.
650 _aNovelas peruana
_911340
650 _aSiglo XXI
_92856
650 _aLiteratura peruana
_9169
942 _2ddc
_cLIBROS
945 _adavv
_d2019-05-21